| Tag |
First Indicator |
Second Indicator |
Subfields |
| LEADER |
00000cas a2200000 4500 |
| 001 |
in00000051181 |
| 005 |
20180703104734.0 |
| 008 |
780726c1uuu9999txuuu p r 0uuua1eng d |
| 035 |
|
|
|a (OCoLC)04085107
|
| 035 |
|
|
|9 AAE2926AM
|
| 040 |
|
|
|a IKM
|c IKM
|d TXA
|d UtOrBLW
|
| 043 |
|
|
|a n-us-tx
|
| 049 |
|
|
|a TXAE
|
| 086 |
|
|
|a A700.5 Ai78
|2 txdocs
|
| 086 |
|
|
|a T1305.5 Ai78
|2 txdocs
|
| 090 |
|
|
|a TL726.3.T4
|b D5
|
| 245 |
0 |
0 |
|a Texas airport directory.
|
| 264 |
|
1 |
|a Austin :
|b Texas Department of Transportation, Division of Aviation.
|
| 300 |
|
|
|a volumes :
|b illustrations
|
| 310 |
|
|
|a Annual
|
| 336 |
|
|
|a text
|b txt
|2 rdacontent
|
| 337 |
|
|
|a unmediated
|b n
|2 rdamedia
|
| 338 |
|
|
|a volume
|b nc
|2 rdacarrier
|
| 500 |
|
|
|a Previously classed: A700.5 Ai78
|
| 500 |
|
|
|a Previous editions issued by Texas Aeronautics Commission with title: Directory of Texas airports.
|
| 500 |
|
|
|a The Cushing Library/Ragan Military copy is a gift of Ann, Fred, and Tracie Burns for the Major Curtis Burns '52 Aviation Collection.
|
| 650 |
|
0 |
|a Airports
|z Texas
|x Directories.
|
| 710 |
2 |
|
|a Texas Aeronautics Commission.
|
| 710 |
1 |
|
|a Texas.
|b Division of Aviation.
|
| 780 |
0 |
0 |
|t Directory of Texas airports
|
| 999 |
|
|
|a MARS
|
| 999 |
f |
f |
|s 18f0ccbe-2c56-3c8a-a4e9-dd797bcf2df3
|i 8cf7394a-a5da-3c78-b1e8-b70b8a9ee5cd
|t 0
|
| 952 |
f |
f |
|p ric
|a Texas A&M University
|b Rellis Campus
|c Joint Library Facility
|d Remote Storage
|t 0
|e TL726.3.T4 D5
|h Library of Congress classification
|i unmediated -- volume
|m A14808874191
|
| 952 |
f |
f |
|p noncirc
|a Texas A&M University
|b College Station
|c Cushing Memorial Library & Archives
|d Cushing: Ragan Military (Does not check out)
|t 0
|e TL726.3.T4 D5
|h Library of Congress classification
|i unmediated -- volume
|
| 952 |
f |
f |
|p normal
|a Texas A&M University
|b College Station
|c Sterling C. Evans Library
|d Evans: Texas Documents (Annex 5th floor)
|t 0
|e T1305.5 Ai78
|h Superintendent of Documents classification
|i unmediated -- volume
|l 2001/2002
|m A14827953475
|
| 952 |
f |
f |
|p normal
|a Texas A&M University
|b College Station
|c Sterling C. Evans Library
|d Evans: Texas Documents (Annex 5th floor)
|t 0
|e T1305.5 Ai78
|h Superintendent of Documents classification
|i unmediated -- volume
|k 2006-2007
|m A14836304104
|
| 952 |
f |
f |
|p normal
|a Texas A&M University
|b College Station
|c Sterling C. Evans Library
|d Evans: Library Stacks
|t 0
|e TL726.3.T4 D5
|h Library of Congress classification
|i unmediated -- volume
|m A14808821774
|
| 998 |
f |
f |
|a TL726.3.T4 D5
|s 1970,c.2
|t 0
|l Remote Storage
|
| 998 |
f |
f |
|a T1305.5 Ai78
|s 2001/2002,2006-2007
|t 0
|l Evans: Texas Documents (Annex 5th floor)
|
| 998 |
f |
f |
|a TL726.3.T4 D5
|s 1984
|t 0
|l Cushing: Ragan Military (Does not check out)
|